Conversation for all : (رقم التسجيلة. 39483)

تفاصيل مارك
000 -الفاتح
حقل البيانات ثابتة الطول 00722nam a22002177a 4500
003 - محدد رقم الضبط
رقم الضبط OSt
005 - وقت وتاريخ اخر تعامل مع التسجيلة
رقم الضبط 20160512124608.0
008 - عناصر البيانات ثابتة الطول - معلومات عامة
حقل البيانات ثابتة الطول 160502t2016 ua ||||f |b|| 000 0 eng d
020 ## - الرقم الدولى المعيارى للكتب
الرقم الدولى المعيارى للكتاب 9789777230438
040 ## - مصدر الفهرسة
وكالة الفهرسة الأصلية Ma-Un
لغة الفهرسة ara
وكالة النسخ Dar Arab
082 04 - رقم تصنيف ديوى العشرى
رقم التصنيف 428.241
رقم المادة S A C
رقم الطبعة 21
100 1# - المدخل الرئيسى - إسم شخصى
الإسم الشخصى Salama, Ahmed
9 (RLIN) 236
245 10 - بيان العنوان
العنوان Conversation for all :
بقية العنوان start to listen and speak /
بيان المسئوليه,etc Ahmed salama.
250 ## - بيان الطبعة
بيان الطبعة ط. 1.
260 ## - PUBLICATION, DISTRIBUTION, ETC. (IMPRINT)
مكان الناشر او الموزع Cairo :
اسم الناشر او الموزع Daralbraa,
تاريخ النشر أو التوزيع 2016.
300 ## - الوصف المادى
التعداد 162 p. :
تفاصيل ماديه اخرى للوعاء ill. ;
أبعاد الوعاء 24 cm.+
المادة المصاحبة 1 CD-Rom (3/4 in)
504 ## - تبصرة ببليوجرافية
تبصرة ببليوجرافية,الخ يشتمل علي إرجاعات ببليوجرافية.
650 #4 - المدخل الاضافى بالموضوع-مصطلح موضوعى
مصطلح موضوعي أو اسم جغرافي كعنصر مدخل English language
التقسيم الفرعي العام Conversation and phrase books
9 (RLIN) 55668
650 #4 - المدخل الاضافى بالموضوع-مصطلح موضوعى
مصطلح موضوعي أو اسم جغرافي كعنصر مدخل English language
التقسيم الفرعي الشكلي Spoken English
9 (RLIN) 55669
942 ## - عناصر المدخل الإضافي( كوها)
Koha [default] item type كتاب
المقتنيات
حالة الفقد نموذج السعر الفعال حالة تلف ليس للاعارة رقم الطلب رقم النسخة تاريخ الاكتساب الموقع الحالي الباركود الفرع الرئيسي Date last seen نوع المادة فى نظام كوها مصدر التصنيف او خطة الترفيف Total Checkouts Date last checked out مُعار
  2016-05-12   Not For Loan 428.241 S A C 1 2016-05-12 المكتبة المركزية بالمجمعة (CL) 00226862 المكتبة المركزية بالمجمعة (CL) 2016-05-12 كتاب Dewey Decimal Classification      
  2016-05-12     428.241 S A C 2 2016-05-12 المكتبة المركزية بالمجمعة (CL) 00226864 المكتبة المركزية بالمجمعة (CL) 2016-05-12 كتاب Dewey Decimal Classification      
  2016-05-12     428.241 S A C 3 2016-05-12 المكتبة المركزية بالمجمعة (CL) 00226865 المكتبة المركزية بالمجمعة (CL) 2026-01-27 كتاب Dewey Decimal Classification 2 2026-01-27 2026-04-28
  2016-05-12   Not For Loan 428.241 S A C 1 2016-05-12 قسم الاجراءات الفنية (IC) 00226871 قسم الاجراءات الفنية (IC) 2016-05-12 كتاب Dewey Decimal Classification      
  2016-05-12     428.241 S A C 2 2016-05-12 قسم الاجراءات الفنية (IC) 00226872 قسم الاجراءات الفنية (IC) 2016-05-12 كتاب Dewey Decimal Classification      
  2016-05-12   Not For Loan 428.241 S A C 1 2016-05-12 مكتبة كلية التربية بالزلفى - طالبات (EZF) 00226861 مكتبة كلية التربية بالزلفى - طالبات (EZF) 2016-05-12 كتاب Dewey Decimal Classification      
  2016-05-12     428.241 S A C 2 2016-05-12 مكتبة كلية التربية بالزلفى - طالبات (EZF) 00226860 مكتبة كلية التربية بالزلفى - طالبات (EZF) 2016-05-12 كتاب Dewey Decimal Classification      
  2016-05-12   Not For Loan 428.241 S A C 1 2016-05-12 مكتبة كلية العلوم و الدراسات الإنسانية برماح - طالبات (SRF) 00226868 مكتبة كلية العلوم و الدراسات الإنسانية برماح - طالبات (SRF) 2020-02-17 كتاب Dewey Decimal Classification 1 2019-09-10  
  2016-05-12     428.241 S A C 2 2016-05-12 مكتبة كلية العلوم و الدراسات الإنسانية برماح - طالبات (SRF) 00226869 مكتبة كلية العلوم و الدراسات الإنسانية برماح - طالبات (SRF) 2019-01-24 كتاب Dewey Decimal Classification 1 2018-09-12  
  2016-05-12   Not For Loan 428.241 S A C 1 2016-05-12 مكتبة كلية العلوم و الدراسات الإنسانية برماح - طلاب (SRM) 00226873 مكتبة كلية العلوم و الدراسات الإنسانية برماح - طلاب (SRM) 2016-05-12 كتاب Dewey Decimal Classification      
  2016-05-12     428.241 S A C 2 2016-05-12 مكتبة كلية العلوم و الدراسات الإنسانية برماح - طلاب (SRM) 00226870 مكتبة كلية العلوم و الدراسات الإنسانية برماح - طلاب (SRM) 2016-05-12 كتاب Dewey Decimal Classification      
  2016-05-12   Not For Loan 428.241 S A C 1 2016-05-12 مكتبة مجمع الطالبات بالمجمعة (EMF) 00226863 مكتبة مجمع الطالبات بالمجمعة (EMF) 2017-04-26 كتاب Dewey Decimal Classification 1 2017-03-16  
  2016-05-12     428.241 S A C 2 2016-05-12 مكتبة مجمع الطالبات بالمجمعة (EMF) 00226866 مكتبة مجمع الطالبات بالمجمعة (EMF) 2016-05-12 كتاب Dewey Decimal Classification      
  2016-05-12   Not For Loan 428.241 S A C 1 2016-05-12 مكتبة مجمع الكليات بالزلفى - طلاب (SZM) 00226859 مكتبة مجمع الكليات بالزلفى - طلاب (SZM) 2016-05-12 كتاب Dewey Decimal Classification      
  2016-05-12     428.241 S A C 2 2016-05-12 مكتبة مجمع الكليات بالزلفى - طلاب (SZM) 00226867 مكتبة مجمع الكليات بالزلفى - طلاب (SZM) 2016-05-12 كتاب Dewey Decimal Classification